| 000 | 00468 a2200133 4500 | ||
|---|---|---|---|
| 001 | 91217 | ||
| 082 | _aPP 1131 | ||
| 090 |
_c43299 _d43299 |
||
| 100 | _aNajeeb; Prof Naeem (Advisor) | ||
| 245 |
_aTo Study the Phenomenon of Wraping on a Zipped Channel of a given Spacification and compare the Theoratical and Practical values under the Known Loading Conditions _n38 "A" EC |
||
| 260 |
_aKarachi _bNED University _c1993 |
||
| 300 | _a85p | ||
| 500 | _aBE Project Reports | ||
| 942 |
_aCAE NUST _kPP 1131 |
||
| 999 |
_c326290 _d326290 |
||